Синфазные волны в диафрагмированном волноводе прямоугольного сечения; Известия вузов. Радиотехника; Т. 3, № 2

Библиографические подробности
Источник:Известия вузов. Радиотехника/ Министерство высшего образования СССР.— , 1958-1966.— 0021-3470
Т. 3, № 2.— 1960.— С. 153-167
Главный автор: Коваленко Е. С.
Другие авторы: Шиманский В. И. Виталий Игоревич
Язык:русский
Опубликовано: 1960
Предметы:
Формат: MixedMaterials Статья
Запись в KOHA:https://koha.lib.tpu.ru/cgi-bin/koha/opac-detail.pl?biblionumber=592581

MARC

LEADER 00000naa2a2200000 4500
001 592581
005 20231101131721.0
035 |a (RuTPU)RU\TPU\tpu\4843 
090 |a 592581 
100 |a 20011210a1960 k y0rusy50 ca 
101 0 |a rus 
102 |a RU 
200 1 |a Синфазные волны в диафрагмированном волноводе прямоугольного сечения  |f Е. С. Коваленко, В. И. Шиманский 
320 |a Библиогр.: 6 назв. 
461 1 |0 (RuTPU)RU\TPU\prd\184  |x 0021-3470  |t Известия вузов. Радиотехника  |f Министерство высшего образования СССР  |d 1958-1966 
463 1 |0 (RuTPU)RU\TPU\prd\100126  |t Т. 3, № 2  |v С. 153-167  |d 1960 
610 1 |a радиоэлектроника 
610 1 |a диафрагмированные волноводы 
610 1 |a волноводы прямоугольного сечения 
610 1 |a синфазные волны 
610 1 |a труды учёных ТПУ 
700 1 |a Коваленко  |b Е. С. 
701 1 |a Шиманский  |b В. И.  |c физик  |c младший научный сотрудник Томского политехнического университета, кандидат физико-математических наук  |f 1986-  |g Виталий Игоревич  |2 stltpush  |3 (RuTPU)RU\TPU\pers\36794 
801 0 |a RU  |b 63413507  |c 20011210  |g PSBO 
801 2 |a RU  |b 63413507  |c 20221125  |g PSBO 
942 |c BK